000 00328nam a22001337a 4500
008 171228b xxu||||| |||| 00| 0 eng d
020 _a0444824308
041 _aeng
080 _a616.8
100 _a7
101 _aNEU
245 _aFunctional Neuroscience: Sensory, Motor and Cognitive Systems
_cBarber, C
942 _2udc
_cBK
999 _c39509
_d39509